| 000 | 02775nam a2200613 a 4500 | ||
|---|---|---|---|
| 001 | 000016169 | ||
| 003 | OSt | ||
| 005 | 20260321073639.0 | ||
| 007 | ta | ||
| 008 | 100226s1971 dr 000 0 spa d | ||
| 040 |
_aDO-SdBNP _bspa _cBNPHU |
||
| 041 | _hspa | ||
| 082 |
_a305.57293 _bB742c, 1971 |
||
| 100 | 1 |
_a Bosch, Juan, _d1909-2001 _976555 |
|
| 245 | 1 | 0 |
_aComposición social dominicana : _bhistoria e interpretación / _cJuan Bosch. |
| 250 | _a3a ed. | ||
| 260 |
_aSanto Domingo : _bEditora Tele - 3, _c1971. |
||
| 300 |
_a323 p. ; _c20 cm. |
||
| 500 | _aIncluye referencias bibliográficas y notas al pie de las páginas. | ||
| 505 | 0 | _aPrólogo a la segunda edición.- | |
| 505 | 0 | _aun preámbulo necesario.- | |
| 505 | 0 | _aI : Origen de las clases sociales en Santo Domingo.- | |
| 505 | 0 | _aII : Aparición y declinación de una oligarquía del azúcar.- | |
| 505 | 0 | _aIII : De los ingenios a los hatos.- | |
| 505 | 0 | _aIV : El desarrollo de la sociedad hatera.- | |
| 505 | 0 | _aV : La curiosa sociedad de los bucaneros.- | |
| 505 | 0 | _aVI : La colonia francesa de Saint-domingue.- | |
| 505 | 0 | _aVII : El siglo de la miseria.- | |
| 505 | 0 | _aVIII : De la inamovilidad del siglo XVII al dinamismo del siglo XVIII.- | |
| 505 | 0 | _aIX : Medio siglo de relativo desarrollo.- | |
| 505 | 0 | _aX : Santo Domingo en el panorama del Caribe.- | |
| 505 | 0 | _aXI : La revolución haitiana.- | |
| 505 | 0 | _aXII : El caso de las emigraciones.- | |
| 505 | 0 | _aXIII : El gobierno de los hateros y la sociedad de los cosecheros de tabaco.- | |
| 505 | 0 | _aXIV : Las causas de la invasión haitiana.- | |
| 505 | 0 | _aXV : La pequeña burguesía en la historia dominicana.- | |
| 505 | 0 | _aXVI : La pequeña burguesía contra el poder de los hateros.- | |
| 505 | 0 | _aXVII : 1837-1861. Luchas en el seno de la pequeña burguesía.- | |
| 505 | 0 | _aXVIII : La restauración, obra de la pequeña burguesía.- | |
| 505 | 0 | _aXIX : El largo reinado de la vida política nacional.- | |
| 505 | 0 | _aXX : La composición social y los partidos políticos de la época.- | |
| 505 | 0 | _aXXI : El gobierno de los azules o el camino hacia la sociedad burguesa.- | |
| 505 | 0 | _aXXII :De la muerte de Heureaux a la muerte de Cáceres.- | |
| 505 | 0 | _aXXIII : El imperialismo en acción.- | |
| 505 | 0 | _aXXIV : La composición social hasta 1930.- | |
| 505 | 0 | _aXXV : Trujillo, o el paso de la pequeña burguesía a la burguesía.- | |
| 505 | 0 | _aXXVI : La composición social a la muerte de Trujillo. | |
| 590 | _aInventariado, 2018/BT | ||
| 650 | 4 |
_aSociología _xHistoria _9414 |
|
| 651 | 4 |
_aRepública Dominicana _xCondiciones Sociales _946 |
|
| 651 | 4 |
_aRepública Dominicana _xHistoria _9170 |
|
| 910 | _aValidado. Control de calidad. MMOLINA | ||
| 942 |
_2ddc _cLBS1 |
||
| 999 |
_c15709 _d15709 |
||